Entry Nombre personal
001 - NÚMERO DE CONTROL
- campo de control: 151137
003 - IDENTIFICADOR DE NÚMERO DE CONTROL
- campo de control: SpMaBN
005 - FECHA Y HORA DE LA ÚLTIMA TRANSACCIÓN
- campo de control: 20250728084945.0
008 - ELEMENTOS DE DATO DE LONGITUD-FIJA
- campo de control de longitud fija: 901120nn aijnnaabn a aaa
016 ## - NÚMERO DE CONTROL DE UNA AGENCIA BIBLIOGRÁFICA NACIONAL
- Número de control del registro: BNE19900140533
024 7# - IDENTIFICADOR DE OTROS ESTÁNDARES
- Número estándar o código: http://viaf.org/viaf/232711288/
- Fuente: viaf
024 7# - IDENTIFICADOR DE OTROS ESTÁNDARES
- Número estándar o código: https://isni.org/isni/0000000066372975
- Fuente: isni
040 ## - FUENTE DE CATALOGACIÓN
- Centro catalogador/agencia de origen: SpMaBN
- Lengua de catalogación: spa
- Centro/agencia transcriptor: SpMaBN
- Normas de descripción: rdc
- Convención/Normas de encabezamiento de materia/tesauro: embne
100 1# - ENCABEZAMIENTO-NOMBRE DE PERSONA
- Nombre de persona: Valle Pérez, José Carlos
375 ## - GÉNERO/SEXO
- Género: Masculino
377 ## - IDIOMA ASOCIADO
- Código del idioma: spa
- Término de lengua/lenguaje: Español
400 1# - TRAZADO DE VÉASE--NOMBRE DE PERSONA
- Nombre de persona: Valle, José Carlos
400 1# - TRAZADO DE VÉASE--NOMBRE DE PERSONA
- Nombre de persona: Valle Pérez, Xosé Carlos
670 ## - FUENTE DE DATOS ENCONTRADOS
- Cita de la fuente: Las fundaciones de Clairvaux en la Galicia medieval, 1981
670 ## - FUENTE DE DATOS ENCONTRADOS
- Cita de la fuente: Imaxes da arte en Galicia, 1991
- Información encontrada: port. (Xosé Carlos Valle Pérez, coordinador)
670 ## - FUENTE DE DATOS ENCONTRADOS
- Cita de la fuente: Monasterio cisterciense de Santa María de Bujedo, 1987
- Información encontrada: port. (José Carlos Valle)
